000
00294nam a2200109Ia 4500
008
190914s9999||||xx |||||||||||||| ||und||
100
_a
Robert J. Schoenbeck
245
0
_a
Electronic Communications Modulation and Transmission
260
_a
New Delhi
_b
Addison
_c
2004
300
_a
587
942
_c
BK
999
_c
9266
_d
9266